00451 2200145 4500001002100000008004100021035002000062245005300082100001800135260002500153300001400178082001000192650009000202990001300292INLIS000000000000528 ind  a0010-0322000528 aSI PAHIT LIDAH LEGENDA & DONGENG NUSANTARAcIKHA aPUPUT MUGIATI aSURABAYAbPRIMA JAYA ahlm.ccm. a398.2 aFOLK LITERATURE, FAIRY TALES, MYTH, MYTHOLOGY/CERITA RAKYAT, DONGENG, MITOS, MITOLOGI a102707-1